[Event "SWE-chT2 1112"]
[Site "Sweden"]
[Date "2012.03.11"]
[Round "9"]
[White "Andersson, Bjorn2222"]
[Black "Zetterberg, Staffan"]
[Result "1-0"]
[WhiteElo "2286"]
[BlackElo "2202"]
[PlyCount "53"]
[EventDate "2011.10.22"]
[EventType "team-tourn"]
[EventRounds "9"]
[EventCountry "SWE"]
[SourceTitle "EXT 2013"]
[Source "ChessBase"]
[SourceDate "2012.11.22"]
[SourceVersion "1"]
[SourceVersionDate "2012.11.22"]
[SourceQuality "1"]
[WhiteTeam "Burgsvik Alva"]
[BlackTeam "Orebro"]
[WhiteTeamCountry "SWE"]
[BlackTeamCountry "SWE"]

1. e4 Nf6 2. e5 Nd5 3. Nf3 d6 4. Nc3 Nb6 5. d4 g6 6. Be3 Bg7 7. Qd2 Nc6 8. Bh6 0-0 9. 0-0-0 Bg4 10. Bxg7 Kxg7 11. Qe3 Qc8 12. h3 Bxf3 13. gxf3 Nb4 14. exd6 cxd6 15. d5 Qc5 16. a3 Na6 17. Rd4 Rac8 18. Qd2 Qa5 19. Rh4 h5 20. Rxh5 Rh8 21. Qd4+ f6 22. Rxh8 Rxh8 23. Qe4 Nc8 24. Rg1 Rh6 25. Bd3 g5 26. Qg4 Qc5 27. Ne4 1-0

[Event "SWE-chT2 1112"]
[Site "Sweden"]
[Date "2012.02.04"]
[Round "5"]
[White "Wenzel, Birger"]
[Black "Zetterberg, Staffan"]
[Result "1/2-1/2"]
[WhiteElo "2063"]
[BlackElo "2202"]
[PlyCount "49"]
[EventDate "2011.10.22"]
[EventType "team-tourn"]
[EventRounds "9"]
[EventCountry "SWE"]
[SourceTitle "EXT 2013"]
[Source "ChessBase"]
[SourceDate "2012.11.22"]
[SourceVersion "1"]
[SourceVersionDate "2012.11.22"]
[SourceQuality "1"]
[WhiteTeam "Wasa"]
[BlackTeam "Orebro"]
[WhiteTeamCountry "SWE"]
[BlackTeamCountry "SWE"]

1. Nf3 Nf6 2. c4 c5 3. Nc3 d5 4. cxd5 Nxd5 5. d4 cxd4 6. Qxd4 Nxc3 7. Qxc3 Nc6 8. e4 e6 9. a3 Bd7 10. Be2 Rc8 11. Qe3 Be7 12. 0-0 0-0 13. b4 a6 14. Bb2 Qc7 15. Rac1 Rfd8 16. Bd4 Qb8 17. Bb6 Rf8 18. Rfd1 Be8 19. Nd2 Ne5 20. Nb3 Ba4 21. Ba7 Qa8 22. Bd4 Qb8 23. Ba7 Qa8 24. Bd4 Qb8 25. Ba7 1/2-1/2

[Event "SWE-chB"]
[Site "Gothenburg"]
[Date "2005.??.??"]
[Round "11"]
[White "Glimbrant, Torbjorn"]
[Black "Zetterberg, Staffan"]
[Result "0-1"]
[WhiteElo "2275"]
[BlackElo "2190"]
[PlyCount "88"]
[EventDate "2005.07.02"]
[EventType "tourn"]
[EventRounds "13"]
[EventCountry "SWE"]
[SourceTitle "CBM 107 Extra"]
[Source "ChessBase"]
[SourceDate "2005.09.01"]
[SourceVersion "1"]
[SourceVersionDate "2005.09.01"]
[SourceQuality "1"]

1. Nf3 Nf6 2. c4 c5 3. e3 g6 4. d4 Bg7 5. Nc3 0-0 6. Be2 cxd4 7. exd4 d5 8. 0-0 Nc6 9. Bg5 Be6 10. cxd5 Nxd5 11. Qd2 Re8 12. Rfe1 Qa5 13. a3 Nxc3 14. bxc3 b5 15. Bh6 Bf6 16. Be3 Red8 17. Ng5 Bd5 18. f4 Bxg5 19. fxg5 e5 20. Qb2 exd4 21. cxd4 a6 22. Bg4 Re8 23. Qf2 Re7 24. Bd2 Rxe1+ 25. Bxe1 Qd8 26. h4 a5 27. Bc3 b4 28. Bb2 b3 29. Rc1 a4 30. Bf3 Ne7 31. Rc5 Qd6 32. Bc3 Rd8 33. Ra5 Qxa3 34. Ra7 Qc1+ 35. Be1 Bxf3 36. Rxe7 Bd5 37. Qe2 Qc6 38. Ba5 Rc8 39. Bb4 Qc1+ 40. Kh2 Qc6 41. Bc5 Qa8 42. Ba3 Qb8+ 43. Kh3 Rc3+ 44. Kg4 Qg3# 0-1

[Event "SWE-chB"]
[Site "Gothenburg"]
[Date "2005.??.??"]
[Round "1"]
[White "Zetterberg, Staffan"]
[Black "Lundin, Jan"]
[Result "1/2-1/2"]
[WhiteElo "2190"]
[BlackElo "2262"]
[PlyCount "33"]
[EventDate "2005.07.02"]
[EventType "tourn"]
[EventRounds "13"]
[EventCountry "SWE"]
[SourceTitle "CBM 107 Extra"]
[Source "ChessBase"]
[SourceDate "2005.09.01"]
[SourceVersion "1"]
[SourceVersionDate "2005.09.01"]
[SourceQuality "1"]

1. Nf3 d5 2. g3 Nf6 3. c4 e6 4. Bg2 c5 5. 0-0 Nc6 6. cxd5 exd5 7. d4 Be7 8. Nc3 0-0 9. Bg5 cxd4 10. Nxd4 Re8 11. Rc1 h6 12. Bf4 a6 13. Nxc6 bxc6 14. Na4 Bd6 15. Bxd6 Qxd6 16. Nb6 Rb8 17. Nxc8 1/2-1/2

[Event "SWE-ch qualB"]
[Site "Ronneby"]
[Date "1998.??.??"]
[Round "?"]
[White "Eriksson, Anders"]
[Black "Zetterberg, Staffan"]
[Result "0-1"]
[WhiteElo "2290"]
[BlackElo "2200"]
[PlyCount "82"]
[EventDate "1998.??.??"]
[EventType "tourn"]
[EventRounds "13"]
[EventCountry "SWE"]
[SourceTitle "EXT 2000"]
[Source "ChessBase"]
[SourceDate "1999.11.16"]
[SourceVersion "1"]
[SourceVersionDate "1999.11.16"]
[SourceQuality "1"]

1. c4 Nf6 2. Nc3 c5 3. Nf3 d5 4. cxd5 Nxd5 5. e4 Nb4 6. Bc4 Nd3+ 7. Ke2 Nf4+ 8. Kf1 Ne6 9. b4 g6 10. bxc5 Bg7 11. Ba3 Nc6 12. Rb1 0-0 13. Nd5 Kh8 14. h4 h6 15. d3 f5 16. exf5 Rxf5 17. Ne3 Rf8 18. Bd5 Nf4 19. Be4 Bf5 20. Qc2 Nd4 21. Nxd4 Bxd4 22. Nxf5 gxf5 23. Bxb7 Rb8 24. Bf3 Qa5 25. Rxb8 Rxb8 26. Bc1 Qxc5 27. Qxc5 Bxc5 28. Bxf4 Rb1+ 29. Ke2 Rxh1 30. g3 Rb1 31. Be5+ Kh7 32. Bd5 Bxf2 33. d4 Rb2+ 34. Kf3 Be1 35. h5 Rb6 36. Bf7 Bd2 37. g4 fxg4+ 38. Kxg4 Bg5 39. d5 Bf6 40. Kf5 Kg7 41. Bg6 e6+ 0-1

[Event "Hallstahammar op"]
[Site "Hallstahammar"]
[Date "1998.??.??"]
[Round "7"]
[White "Evertsson, Kristian"]
[Black "Zetterberg, Staffan"]
[Result "1-0"]
[WhiteElo "2075"]
[BlackElo "2200"]
[PlyCount "83"]
[EventDate "1998.??.??"]
[EventType "swiss"]
[EventRounds "7"]
[EventCountry "SWE"]
[SourceTitle "EXT 2002"]
[Source "ChessBase"]
[SourceDate "2001.11.25"]
[SourceVersion "1"]
[SourceVersionDate "2001.11.25"]
[SourceQuality "1"]

1. e4 Nf6 2. e5 Nd5 3. d4 d6 4. f4 dxe5 5. fxe5 c5 6. Nf3 Bf5 7. Bb5+ Nd7 8. 0-0 e6 9. c4 Nc7 10. Ba4 cxd4 11. Nxd4 Bc5 12. Kh1 Qe7 13. Bg5 Qxg5 14. Bxd7+ Kf8 15. Nxf5 exf5 16. Bxf5 g6 17. Be4 Qxe5 18. Qf3 f5 19. Nc3 Kg7 20. Bxb7 Bd6 21. g3 Rab8 22. Rfe1 Qc5 23. Rad1 Rhe8 24. b3 h5 25. Bc6 Rxe1+ 26. Rxe1 h4 27. Na4 Qd4 28. c5 Bxc5 29. Rd1 Qe5 30. Nxc5 Qxc5 31. Rd7+ Kf6 32. Rxc7 Qc1+ 33. Kg2 Qd2+ 34. Kf1 Qc1+ 35. Kf2 Qd2+ 36. Qe2 Qd4+ 37. Qe3 Qb2+ 38. Kf3 Qa3 39. Qd4+ Ke6 40. Qd5+ Kf6 41. Rf7+ Kg5 42. Qd2+ 1-0

[Event "SWE-ch qualB"]
[Site "Ronneby"]
[Date "1998.??.??"]
[Round "?"]
[White "Zetterberg, Staffan"]
[Black "Blomstrom, Lars"]
[Result "0-1"]
[WhiteElo "2200"]
[BlackElo "2160"]
[PlyCount "82"]
[EventDate "1998.??.??"]
[EventType "tourn"]
[EventRounds "13"]
[EventCountry "SWE"]
[SourceTitle "EXT 2000"]
[Source "ChessBase"]
[SourceDate "1999.11.16"]
[SourceVersion "1"]
[SourceVersionDate "1999.11.16"]
[SourceQuality "1"]

1. Nf3 Nf6 2. c4 g6 3. g3 Bg7 4. Bg2 0-0 5. 0-0 d6 6. Nc3 e5 7. d3 Nc6 8. Rb1 a5 9. a3 h6 10. b4 axb4 11. axb4 Be6 12. b5 Ne7 13. Bb2 Qd7 14. Re1 Bh3 15. Bh1 Ng4 16. Qb3 Kh8 17. Ra1 Rab8 18. Ra7 f5 19. Nd5 f4 20. Nxe7 Qxe7 21. c5 dxc5 22. Qd5 fxg3 23. hxg3 Qd6 24. Nh4 Qf6 25. Nf3 Qb6 26. Raa1 c4 27. e3 cxd3 28. Qxd3 Rbd8 29. Qe4 Qxb5 30. Rab1 Nxf2 31. Kxf2 Rd2+ 32. Kg1 Rxb2 33. Rxb2 Qxb2 34. Qxg6 Bf5 35. Qh5 e4 36. Nh4 Bh7 37. Re2 Qe5 38. Qg4 Qg5 39. Qh3 Be5 40. Kh2 b5 41. Rd2 Rg8 0-1

[Event "Hallstahammar op"]
[Site "Hallstahammar"]
[Date "1998.??.??"]
[Round "4"]
[White "Zetterberg, Staffan"]
[Black "Ohlzon, Nils Johan"]
[Result "1-0"]
[WhiteElo "2200"]
[BlackElo "2100"]
[PlyCount "76"]
[EventDate "1998.??.??"]
[EventType "swiss"]
[EventRounds "7"]
[EventCountry "SWE"]
[SourceTitle "EXT 2002"]
[Source "ChessBase"]
[SourceDate "2001.11.25"]
[SourceVersion "1"]
[SourceVersionDate "2001.11.25"]
[SourceQuality "1"]

1. Nf3 d6 2. g3 g6 3. c4 Bg7 4. Bg2 Nf6 5. Nc3 0-0 6. 0-0 e5 7. d3 h6 8. Rb1 a5 9. a3 Re8 10. Nd2 Nc6 11. b4 axb4 12. axb4 Be6 13. b5 Na5 14. Nb3 e4 15. Nxa5 Rxa5 16. Nxe4 Nxe4 17. Bxe4 Bxc4 18. Bd2 Ra7 19. b6 cxb6 20. Be3 Ba2 21. Bxb6 Qa8 22. Rb5 Ra6 23. Be3 Rxe4 24. dxe4 Bc4 25. Rb6 Rxb6 26. Bxb6 Qa6 27. Qxd6 Bxe2 28. Re1 Bc4 29. Qd8+ Kh7 30. Bd4 Bxd4 31. Qxd4 b5 32. Ra1 Qc8 33. Rc1 h5 34. Kg2 h4 35. Qf6 Qg4 36. Qf4 h3+ 37. Kg1 Qe6 38. Rd1 Bb3 1-0

[Event "SWE-chB1"]
[Site "Linkoping"]
[Date "1996.??.??"]
[Round "?"]
[White "Eriksson, Johan"]
[Black "Zetterberg, Staffan"]
[Result "1-0"]
[WhiteElo "2310"]
[BlackElo "2210"]
[PlyCount "71"]
[EventDate "1996.??.??"]
[EventType "tourn"]
[EventRounds "13"]
[EventCountry "SWE"]
[SourceTitle "EXT 2000"]
[Source "ChessBase"]
[SourceDate "1999.11.16"]
[SourceVersion "1"]
[SourceVersionDate "1999.11.16"]
[SourceQuality "1"]

1. d4 Nf6 2. c4 c5 3. d5 b5 4. cxb5 a6 5. b6 d6 6. Nc3 g6 7. a4 Qxb6 8. a5 Qb7 9. e4 Bg7 10. Bc4 0-0 11. Nge2 Nbd7 12. f4 Ne8 13. 0-0 Nc7 14. Qd3 Rb8 15. Be3 Nf6 16. h3 Bd7 17. b3 Nb5 18. Na4 Ne8 19. Rae1 Nec7 20. f5 Na3 21. Nb6 Nxc4 22. bxc4 Na8 23. Rb1 Nxb6 24. Rxb6 Qc7 25. Rfb1 Be5 26. Bg5 f6 27. Bh6 Rfd8 28. Bf4 Rxb6 29. axb6 Qb7 30. Bxe5 fxe5 31. Qg3 Kg7 32. Qg5 Ba4 33. Ng3 Rf8 34. Nh5+ Kf7 35. fxg6+ hxg6 36. Rf1+ 1-0

[Event "SWE-chB1"]
[Site "Linkoping"]
[Date "1996.??.??"]
[Round "?"]
[White "Zetterberg, Staffan"]
[Black "Schutz, Ingemar"]
[Result "0-1"]
[WhiteElo "2210"]
[BlackElo "2205"]
[PlyCount "64"]
[EventDate "1996.??.??"]
[EventType "tourn"]
[EventRounds "13"]
[EventCountry "SWE"]
[SourceTitle "EXT 2000"]
[Source "ChessBase"]
[SourceDate "1999.11.16"]
[SourceVersion "1"]
[SourceVersionDate "1999.11.16"]
[SourceQuality "1"]

1. Nf3 Nf6 2. c4 g6 3. g3 Bg7 4. Bg2 0-0 5. 0-0 d6 6. Nc3 Nc6 7. Rb1 a5 8. a3 Bf5 9. d3 Qd7 10. Re1 Bh3 11. Bh1 h6 12. b4 axb4 13. axb4 Ng4 14. Nd5 e5 15. b5 Nd8 16. Qb3 Ne6 17. Bb2 Nc5 18. Qc2 f5 19. d4 Ne4 20. dxe5 dxe5 21. Nh4 Nexf2 22. Nxg6 Nxh1 23. Nxf8 Bxf8 24. Kxh1 Bc5 25. Rf1 c6 26. bxc6 bxc6 27. e4 cxd5 28. cxd5 Bxf1 29. Rxf1 Ne3 30. Qxc5 Nxf1 31. Bxe5 fxe4 32. Qb6 Qf7 0-1

[Event "SWE-chB1"]
[Site "Linkoping"]
[Date "1996.??.??"]
[Round "?"]
[White "Zetterberg, Staffan"]
[Black "Wikstrom, Per"]
[Result "1/2-1/2"]
[WhiteElo "2210"]
[BlackElo "2130"]
[PlyCount "27"]
[EventDate "1996.??.??"]
[EventType "tourn"]
[EventRounds "13"]
[EventCountry "SWE"]
[SourceTitle "EXT 2000"]
[Source "ChessBase"]
[SourceDate "1999.11.16"]
[SourceVersion "1"]
[SourceVersionDate "1999.11.16"]
[SourceQuality "1"]

1. c4 c6 2. Nf3 d5 3. b3 Bf5 4. Bb2 e6 5. g3 Nf6 6. Bg2 Nbd7 7. 0-0 Bd6 8. d3 Qc7 9. Nbd2 Rd8 10. e4 dxe4 11. Nxe4 Bxe4 12. dxe4 e5 13. Qe2 0-0 14. Bc3 1/2-1/2

[Event "Arnold Cup"]
[Site "Gausdal"]
[Date "1995.??.??"]
[Round "2"]
[White "Cherniaev, Alexander"]
[Black "Zetterberg, Staffan"]
[Result "1-0"]
[WhiteElo "2450"]
[BlackElo "2170"]
[PlyCount "71"]
[EventDate "1995.04.??"]
[EventType "swiss"]
[EventRounds "9"]
[EventCountry "NOR"]
[SourceTitle "EXT 1998"]
[Source "ChessBase"]
[SourceDate "1997.11.17"]
[SourceVersion "1"]
[SourceVersionDate "1997.11.17"]
[SourceQuality "1"]

1. e4 Nf6 2. e5 Nd5 3. c4 Nb6 4. c5 Nd5 5. Nc3 e6 6. d4 b6 7. cxb6 axb6 8. Nxd5 exd5 9. Ne2 Ba6 10. Nc3 Bxf1 11. Kxf1 c6 12. Qg4 b5 13. h4 h5 14. Qg3 Na6 15. Ne2 Qb6 16. Bd2 Nc7 17. Rh3 Ne6 18. Qd3 b4 19. Kg1 Qa6 20. Qxa6 Rxa6 21. Rb3 Ra4 22. a3 bxa3 23. Rb8+ Nd8 24. Bg5 Be7 25. Bxe7 Kxe7 26. Rxa3 Rxa3 27. bxa3 Re8 28. f4 Ne6 29. Rxe8+ Kxe8 30. f5 Nc7 31. Kf2 g6 32. Ke3 Kf8 33. Kf4 Kg7 34. Kg5 Na6 35. Nf4 Nc7 36. a4 1-0

[Event "SWE-chB"]
[Site "Borlange"]
[Date "1995.??.??"]
[Round "?"]
[White "Lindberg, Bengt"]
[Black "Zetterberg, Staffan"]
[Result "1-0"]
[WhiteElo "2335"]
[BlackElo "2170"]
[PlyCount "51"]
[EventDate "1995.07.??"]
[EventType "tourn"]
[EventRounds "13"]
[EventCountry "SWE"]
[EventCategory "1"]
[SourceTitle "EXT 1997"]
[Source "ChessBase"]
[SourceDate "1996.11.15"]
[SourceVersion "1"]
[SourceVersionDate "1996.11.15"]
[SourceQuality "1"]

1. e4 Nf6 2. e5 Nd5 3. d4 d6 4. Nf3 Bg4 5. Be2 c6 6. c4 Nb6 7. Ng5 Bxe2 8. Qxe2 dxe5 9. dxe5 e6 10. 0-0 N8d7 11. Bf4 Bc5 12. Nc3 a5 13. Rad1 Qe7 14. b3 h6 15. Nge4 Bb4 16. Rd3 0-0-0 17. Be3 Nc5 18. Bxc5 Bxc5 19. Nxc5 Qxc5 20. Ne4 Qe7 21. Nd6+ Kb8 22. Qd2 Nc8 23. Qxa5 Nxd6 24. exd6 Qd7 25. c5 e5 26. b4 1-0